<?xml version="1.0" encoding="UTF-8"?>
<collection xmlns="http://www.loc.gov/MARC21/slim">
  <record>
    <leader>00000nam  2200000   4500</leader>
    <controlfield tag="001">INLIS000000000000272</controlfield>
    <controlfield tag="005">20240610021525</controlfield>
    <datafield tag="035" ind1="#" ind2="#">
      <subfield code="a">0010-0718000272</subfield>
    </datafield>
    <controlfield tag="008">240610################e##########0#ind##</controlfield>
    <datafield tag="020" ind1="#" ind2="#">
      <subfield code="a">979 876 790 X</subfield>
    </datafield>
    <datafield tag="041" ind1=" " ind2=" ">
      <subfield code="a">id</subfield>
    </datafield>
    <datafield tag="082" ind1="#" ind2="#">
      <subfield code="a">352.145 98</subfield>
    </datafield>
    <datafield tag="090" ind1=" " ind2=" ">
      <subfield code="a">352.145.98.Kan.p</subfield>
    </datafield>
    <datafield tag="100" ind1=" " ind2="#">
      <subfield code="a">Kansil, C.S.T, SH</subfield>
    </datafield>
    <datafield tag="700" ind1=" " ind2="#">
      <subfield code="a">Kansil, Christine,ST</subfield>
    </datafield>
    <datafield tag="245" ind1="1" ind2="#">
      <subfield code="a">Pemerintahan Daerah di Indonesia :</subfield>
      <subfield code="b">Hukum Administrasi Daerah /</subfield>
      <subfield code="c">C.S.T, Kansil</subfield>
    </datafield>
    <datafield tag="260" ind1="#" ind2="#">
      <subfield code="a">Jakarta :</subfield>
      <subfield code="b">Sinar Grafika,</subfield>
      <subfield code="c">2014</subfield>
    </datafield>
    <datafield tag="300" ind1="#" ind2="#">
      <subfield code="a">xii, 410 halaman :</subfield>
      <subfield code="b">ilus. ;</subfield>
      <subfield code="c">20,5 cm.</subfield>
    </datafield>
    <datafield tag="650" ind1=" " ind2="4">
      <subfield code="a">Pemerintahan daerah</subfield>
    </datafield>
    <datafield tag="084" ind1="#" ind2="#">
      <subfield code="a">352.145 98 KAN p</subfield>
    </datafield>
    <datafield tag="856" ind1="#" ind2="#">
      <subfield code="a">perpustakaan LAN</subfield>
    </datafield>
    <datafield tag="520" ind1="#" ind2="#">
      <subfield code="a">Dalam Pasal 18 UUD 1945 dikatakan bahwa ”Pembagian daerah Indonesia atas daerah besar dan kecil, dengan bentuk  susunan pemerintahannya ditetapkan dengan undang-undang, dengan memandang dan mengingat dasar permusyawaratan dalam sistem pemerintahan negara, dan hak-hak asal usul dalam daerah-daerah yang bersifat istimewa”. Pasal 18  UUD 1945  menerangkan bahwa karena negara Indonesia itu adalah  suatu negara kesatuan, Indonesia tidak akan mempunyai daerah di dalam lingkungannya yang juga berbentuk negara. Wilayah Indonesia dibagi menjadi daerah-daerah provinsi  dan daerah provinsi dibagi pula menjadi daerah yang lebih kecil. Daerah – daerah itu bersifat otonom atau bersifat administrative belaka, semuanya menurut aturan yang akan ditetapkan dengan undang-undang.  Di daerah-daerah  yang bersifat otonom diadakan  badan perwakilan daerah, karena di daerahpun pemerintah akan bersendikan  dasar permusyawaratan. Maksud Pasal 18 UUD 1945 dan penjelasannya bahwa wilayah Indonesia dibagi menjadi sejumlah  daerah besar  dan kecil yang bersifat otonom, yaitu daerah yang boleh mengurus rumah tangganya sendiri dan daerah administrasinya, yaitu daerah yang tidak boleh berdiri sendiri.  &#13;
Untuk membentuk susunan pemerintahan daerah-daerah itu, pemerintah bersama-sama DPR telah menetapkan  Undang-Undang No.5 tahun 1974 tentang Pokok-pokok Pemerintahan di daerah, yang dilaksanakan dengan Instruksi Menteri Dalam Negeri Nomor 26 tahun 1974. Undang-undang itu mengatur pokok-pokok penyelenggaraan pemerintah daerah otonom dan pokok-pokok penyelenggaraan pemerintahan  yang menjadi tugas pemerintahan pusat di daerah. Selain itu, diatur juga pokok-pokok penyelenggaraan urusan pemerintahan berdasarkan asas desentralisasi, dekonsentrasi, dan asas tugas perbantuan. Asas desentralisasi adalah asas yang menyatakan penyerahan sejumlah urusan pemerintahan dari pemerintah pusat atau dari pemerintah daerah tingkat yang lebih tinggi kepada pemerintah daerah tingkat yang lebih rendah  sehingga menjadi urusan rumah tangga daerah itu.</subfield>
    </datafield>
    <datafield tag="250" ind1="#" ind2="#">
      <subfield code="a">Cetakan ke 4</subfield>
    </datafield>
    <datafield tag="990" ind1="#" ind2="#">
      <subfield code="a">18324</subfield>
    </datafield>
    <datafield tag="990" ind1="#" ind2="#">
      <subfield code="a">18323</subfield>
    </datafield>
    <datafield tag="990" ind1="#" ind2="#">
      <subfield code="a">160518324</subfield>
    </datafield>
    <datafield tag="990" ind1="#" ind2="#">
      <subfield code="a">160518323</subfield>
    </datafield>
  </record>
</collection>
